|
|
|
|
| LEADER |
01043nab a2200265 i 4500 |
| 001 |
publ9727 |
| 005 |
20200120102839.0 |
| 008 |
161007s2014 hu o 0|| zxx d |
| 022 |
|
|
|a 2060-3274
|
| 024 |
7 |
|
|a 10.2478/jengeo-2014-0011
|2 doi
|
| 024 |
7 |
|
|a 2805099
|2 mtmt
|
| 040 |
|
|
|a SZTE Publicatio Repozitórium
|b hun
|
| 041 |
|
|
|a zxx
|
| 100 |
1 |
|
|a Fiala Károly
|
| 245 |
1 |
0 |
|a Drought severity and its effect on agricultural production in the Hungarian-Serbian cross-border area
|h [elektronikus dokumentum] /
|c Fiala Károly
|
| 260 |
|
|
|c 2014
|
| 300 |
|
|
|a 43-51
|
| 490 |
0 |
|
|a JOURNAL OF ENVIRONMENTAL GEOGRAPHY
|v 7 No. 3-4
|
| 700 |
0 |
1 |
|a Blanka Viktória
|e aut
|
| 700 |
0 |
1 |
|a Ladányi Zsuzsanna
|e aut
|
| 700 |
0 |
1 |
|a Szilassi Péter
|e aut
|
| 700 |
0 |
1 |
|a Benyhe Balázs
|e aut
|
| 700 |
0 |
1 |
|a Dolinj Dragan
|e aut
|
| 700 |
0 |
1 |
|a Pálfai Imre
|e aut
|
| 856 |
4 |
0 |
|u http://publicatio.bibl.u-szeged.hu/9727/1/Journal_of_Environmental_Geography_Drought_Severity_and_its_Effect_on_Agricultural_Production_in_the_Hungarian_Serbian_Cross_Border_Area_u.pdf
|z Dokumentum-elérés
|